[Event "NAYCC U08 w"]
[Site "Toronto CAN"]
[Date "2013.08.18"]
[Round "9"]
[White "Yu, Larina R"]
[Black "Matus, Nastassja"]
[Result "1-0"]
[WhiteElo "630"]
[BlackElo "1352"]
[PlyCount "47"]
[GameId "2160767909258704"]
[EventDate "2013.08.14"]
[EventType "swiss"]
[EventRounds "9"]
[EventCountry "CAN"]
[SourceTitle "EXT 2022"]
[Source "ChessBase"]
[SourceDate "2021.10.06"]
[SourceVersion "1"]
[SourceVersionDate "2021.10.06"]
[SourceQuality "1"]

1. e4 c5 2. Nc3 Nc6 3. Nf3 Qc7 4. Bc4 e6 5. g3 Nf6 6. d3 Be7 7. O-O O-O 8. Bf4 d6 9. Nh4 e5 10. Be3 Bh3 11. Re1 Ng4 12. Bd2 Bxh4 13. gxh4 h6 14. Qf3 Nxf2 15. Kxf2 Bd7 16. Qg3 h5 17. Qg5 Bg4 18. Nd5 Qb8 19. Nf6+ Kh8 20. Nxg4 hxg4 21. Rg1 Qc7 22. Rxg4 g6 23. Qh6+ Kg8 24. Rxg6# 1-0

[Event "NAYCC U08 w"]
[Site "Toronto CAN"]
[Date "2013.08.18"]
[Round "9"]
[White "Zhu, Harmony"]
[Black "Atanasova, Rada"]
[Result "1-0"]
[WhiteElo "1631"]
[BlackElo "565"]
[PlyCount "51"]
[GameId "2160767909258705"]
[EventDate "2013.08.14"]
[EventType "swiss"]
[EventRounds "9"]
[EventCountry "CAN"]
[SourceTitle "hb 2013"]

1. d4 d5 2. c4 c6 3. Nf3 Nf6 4. e3 Bg4 5. Nbd2 e6 6. Bd3 Bd6 7. Qc2 Nbd7 8. O-O Qe7 9. Qb3 h6 10. Qxb7 O-O 11. Qxc6 Rfc8 12. Qa6 Nf8 13. c5 Bc7 14. b4 Rcb8 15. a3 e5 16. Bb5 e4 17. Ne1 Rd8 18. Be2 Bb8 19. Rb1 Qc7 20. f4 g5 21. Qxf6 Bxe2 22. Rf2 Bc4 23. Qe5 Qc6 24. Qf5 Ba6 25. fxg5 Qc7 26. g3 1-0

[Event "NAYCC U10"]
[Site "Toronto CAN"]
[Date "2013.08.14"]
[Round "1"]
[White "Atanasov, David"]
[Black "Ming, Wenyang"]
[Result "0-1"]
[WhiteElo "1076"]
[BlackElo "1815"]
[PlyCount "94"]
[GameId "2160767909258706"]
[EventDate "2013.08.14"]
[EventType "swiss"]
[EventRounds "9"]
[EventCountry "CAN"]
[SourceTitle "hb 2013"]

1. d4 Nf6 2. c4 c5 3. dxc5 g6 4. Nc3 Bg7 5. Nf3 O-O 6. g3 Qa5 7. Be3 Ne4 8. Bd4 Nxc3 9. bxc3 Nc6 10. Bxg7 Kxg7 11. Qd2 Qxc5 12. Qd5 Qa3 13. Qd3 Qb2 14. Qb1 Qxc3+ 15. Nd2 Nd4 16. Qc1 Nc2+ 17. Kd1 Qxa1 18. Qxa1+ Nxa1 19. Bg2 d6 20. Kc1 Bf5 21. Kb2 Nc2 22. Be4 Nd4 23. Bxf5 gxf5 24. e3 Nc6 25. h3 Rac8 26. g4 fxg4 27. Rg1 Ne5 28. Kb3 h5 29. f4 Nd3 30. hxg4 hxg4 31. Rxg4+ Kf6 32. Ne4+ Kf5 33. Nf2 Nxf2 34. Rg5+ Ke4 35. Rg3 Rg8 36. Rxg8 Rxg8 37. a4 a5 38. c5 dxc5 39. Kc4 Nd3 40. Kb5 Rg6 41. Kxa5 Kd5 42. Kb5 Nb2 43. a5 Ra6 44. e4+ Kd6 45. e5+ Kd5 46. f5 Nc4 47. f6 Rxa5# 0-1

[Event "NAYCC U10"]
[Site "Toronto CAN"]
[Date "2013.08.14"]
[Round "1"]
[White "Atanasov, Dimitar"]
[Black "Liu, Daniel1"]
[Result "0-1"]
[WhiteElo "916"]
[BlackElo "1627"]
[PlyCount "104"]
[GameId "2160767909258707"]
[EventDate "2013.08.14"]
[EventType "swiss"]
[EventRounds "9"]
[EventCountry "CAN"]
[SourceTitle "EXT 2022"]
[Source "ChessBase"]
[SourceDate "2021.10.06"]
[SourceVersion "1"]
[SourceVersionDate "2021.10.06"]
[SourceQuality "1"]

1. e4 e5 2. Nf3 Nc6 3. Bb5 a6 4. Ba4 Nf6 5. O-O Be7 6. Re1 b5 7. Bb3 O-O 8. c3 d6 9. d4 Bg4 10. d5 Na5 11. Bc2 h6 12. Nbd2 Nh7 13. h3 Bd7 14. Nb3 Nxb3 15. axb3 Ng5 16. c4 b4 17. Bd2 a5 18. Nh2 f5 19. exf5 Bxf5 20. Bxf5 Rxf5 21. Ng4 Qf8 22. f3 Kh8 23. Rf1 h5 24. Nf2 g6 25. Qe2 Kh7 26. Rfe1 c6 27. dxc6 Ne6 28. Qe4 Nc5 29. Qe3 Bg5 30. Qxg5 Rxg5 31. Bxg5 Nxb3 32. Rad1 Nd4 33. c5 Re8 34. c7 dxc5 35. f4 exf4 36. Rxe8 Qxe8 37. Ne4 Qc6 38. Bd8 Ne2+ 39. Kh1 Ng3+ 40. Nxg3 fxg3 41. Rf1 c4 42. Rf7+ Kg8 43. Rf6 Qe4 44. Rf1 Qe6 45. Kg1 c3 46. bxc3 bxc3 47. Rf6 Qe1+ 48. Rf1 Qe3+ 49. Kh1 Qc5 50. Re1 c2 51. Re8+ Kh7 52. Re7+ Qxe7 0-1

[Event "NAYCC U10"]
[Site "Toronto CAN"]
[Date "2013.08.14"]
[Round "1"]
[White "Baradaran, Arman"]
[Black "Klement, Ido"]
[Result "1-0"]
[WhiteElo "1832"]
[BlackElo "1130"]
[PlyCount "49"]
[GameId "2160767909258708"]
[EventDate "2013.08.14"]
[EventType "swiss"]
[EventRounds "9"]
[EventCountry "CAN"]
[SourceTitle "hb 2013"]

1. d4 d5 2. c4 e6 3. Nc3 Bb4 4. a3 Bxc3+ 5. bxc3 Nc6 6. Nf3 Nf6 7. Bg5 b6 8. Ne5 Bb7 9. f3 Nb8 10. e3 c6 11. Bd3 Na6 12. O-O c5 13. Qa4+ Kf8 14. cxd5 Nc7 15. dxe6 Nxe6 16. Bxf6 Qxf6 17. Nd7+ Kg8 18. Nxf6+ gxf6 19. Qd7 Bc8 20. Qc6 Rb8 21. Bc4 Bb7 22. Qd6 Rd8 23. Qe7 Bc8 24. Qxf6 Kf8 25. Qxh8+ 1-0

[Event "NAYCC U10"]
[Site "Toronto CAN"]
[Date "2013.08.14"]
[Round "1"]
[White "Chan, Eric"]
[Black "Mocanu, Alexander"]
[Result "1-0"]
[WhiteElo "1571"]
[BlackElo "884"]
[PlyCount "69"]
[GameId "2160767909258709"]
[EventDate "2013.08.14"]
[EventType "swiss"]
[EventRounds "9"]
[EventCountry "CAN"]
[SourceTitle "hb 2013"]

1. e4 e5 2. Nf3 d6 3. d4 exd4 4. Nxd4 Nf6 5. Nc3 c5 6. Bb5+ Nbd7 7. Nf5 a6 8. Bxd7+ Bxd7 9. Nxd6+ Bxd6 10. Qxd6 b5 11. Qxc5 Qc8 12. Qxc8+ Rxc8 13. O-O O-O 14. Rd1 Bc6 15. f3 Rfd8 16. Bg5 Rd7 17. Bxf6 Rxd1+ 18. Rxd1 gxf6 19. Rd6 Kg7 20. Kf2 b4 21. Ne2 a5 22. Nd4 Bb7 23. Rb6 Ba8 24. Ra6 Rd8 25. Ke3 h5 26. Rxa5 Kg6 27. Rb5 Rd7 28. Rxb4 Ra7 29. a3 Kg5 30. Rb5+ Kg6 31. Rb6 Rb7 32. Rxb7 Bxb7 33. c4 Ba6 34. c5 Kg5 35. c6 1-0

[Event "NAYCC U10"]
[Site "Toronto CAN"]
[Date "2013.08.14"]
[Round "1"]
[White "Feng, Richard"]
[Black "Yang, Kai Wen"]
[Result "1-0"]
[WhiteElo "1534"]
[BlackElo "863"]
[PlyCount "115"]
[GameId "2160767909258710"]
[EventDate "2013.08.14"]
[EventType "swiss"]
[EventRounds "9"]
[EventCountry "CAN"]
[SourceTitle "hb 2013"]

1. e4 e5 2. Nc3 Nf6 3. f4 d5 4. exd5 exf4 5. Bc4 c6 6. dxc6 Nxc6 7. d3 Bd6 8. Nf3 Bg4 9. O-O Nd4 10. Qe1+ Ne6 11. Ng5 O-O 12. Bxe6 fxe6 13. Nxe6 Bxe6 14. Qxe6+ Kh8 15. Bxf4 Bc5+ 16. Kh1 Nh5 17. Qe5 Nxf4 18. Qxc5 b6 19. Qe5 Qf6 20. Qxf6 Rxf6 21. g3 Nh5 22. Rxf6 Nxf6 23. Ne4 Nxe4 24. dxe4 Kg8 25. Rf1 Re8 26. Rf4 g5 27. Rg4 h6 28. h4 Re5 29. hxg5 hxg5 30. Kg2 Kf7 31. Kf3 Kf6 32. Ke3 Ra5 33. e5+ Rxe5+ 34. Re4 Rb5 35. b3 Kf5 36. g4+ Kf6 37. Rc4 Re5+ 38. Re4 Rc5 39. Rc4 Re5+ 40. Kf3 b5 41. Rc6+ Re6 42. Rxe6+ Kxe6 43. Ke4 b4 44. Kd4 a5 45. Ke4 Kf6 46. Kd5 Kf7 47. Ke5 Kg6 48. Ke6 Kg7 49. Kf5 Kh6 50. Kf6 a4 51. bxa4 b3 52. axb3 Kh7 53. a5 Kg8 54. a6 Kh7 55. a7 Kg8 56. a8=Q+ Kh7 57. Qb7+ Kh6 58. Qg7# 1-0

[Event "NAYCC U10"]
[Site "Toronto CAN"]
[Date "2013.08.14"]
[Round "1"]
[White "Guo, Ryan"]
[Black "Frutos, Cole N"]
[Result "0-1"]
[WhiteElo "1007"]
[BlackElo "1721"]
[PlyCount "46"]
[GameId "2160767909258711"]
[EventDate "2013.08.14"]
[EventType "swiss"]
[EventRounds "9"]
[EventCountry "CAN"]
[SourceTitle "EXT 2022"]
[Source "ChessBase"]
[SourceDate "2021.10.06"]
[SourceVersion "1"]
[SourceVersionDate "2021.10.06"]
[SourceQuality "1"]

1. g3 d5 2. Bg2 e5 3. Nf3 e4 4. Nd4 c5 5. Nb3 a5 6. d4 c4 7. N3d2 Nc6 8. e3 f5 9. Nc3 Nf6 10. b3 Bb4 11. Ne2 b5 12. a3 Bd6 13. bxc4 dxc4 14. Nc3 Rb8 15. Rb1 b4 16. Ne2 Ba6 17. f3 Nd5 18. fxe4 Nxe3 19. e5 Nxe5 20. dxe5 Bxe5 21. Bc6+ Ke7 22. Rb2 Bxb2 23. c3 Nxd1 0-1

[Event "NAYCC U10"]
[Site "Toronto CAN"]
[Date "2013.08.14"]
[Round "1"]
[White "Guo, Thomas"]
[Black "Tang, Daniel"]
[Result "1-0"]
[WhiteElo "1629"]
[BlackElo "933"]
[PlyCount "35"]
[GameId "2160767909258712"]
[EventDate "2013.08.14"]
[EventType "swiss"]
[EventRounds "9"]
[EventCountry "CAN"]
[SourceTitle "hb 2013"]

1. e4 e5 2. Nf3 Nc6 3. Bc4 Bc5 4. c3 h6 5. O-O Nf6 6. d4 exd4 7. e5 Ng4 8. cxd4 Bb6 9. h3 Ngxe5 10. dxe5 O-O 11. Nc3 Re8 12. Re1 Bc5 13. Be3 Nxe5 14. Bxf7+ Kxf7 15. Qd5+ Kf8 16. Bxc5+ d6 17. Nxe5 dxc5 18. Qf7# 1-0

[Event "NAYCC U10"]
[Site "Toronto CAN"]
[Date "2013.08.14"]
[Round "1"]
[White "Hawthorn, Charles"]
[Black "Demers, Alexis"]
[Result "1-0"]
[WhiteElo "1862"]
[BlackElo "1181"]
[PlyCount "69"]
[GameId "2160767909258713"]
[EventDate "2013.08.14"]
[EventType "swiss"]
[EventRounds "9"]
[EventCountry "CAN"]
[SourceTitle "hb 2013"]

1. d4 Nf6 2. c4 g6 3. Nc3 Bg7 4. e4 d6 5. Nf3 O-O 6. Be2 c5 7. O-O cxd4 8. Nxd4 Nc6 9. Be3 Bd7 10. f3 Rc8 11. b3 Ne5 12. Rc1 a6 13. Qd2 Nc6 14. Rfd1 Rc7 15. Nxc6 Rxc6 16. Kh1 h5 17. Bg5 Be6 18. Bh6 Kh7 19. Bxg7 Kxg7 20. Qb2 Kg8 21. e5 Nd7 22. exd6 exd6 23. Ne4 Nb6 24. Nf6+ Kh8 25. Nd7+ Kh7 26. Nxf8+ Qxf8 27. Bd3 h4 28. Be4 Rc7 29. Qd4 Nc8 30. Qf6 h3 31. Qh4+ Qh6 32. Qxh6+ Kxh6 33. g3 f5 34. Bd3 Ne7 35. Bf1 1-0

[Event "NAYCC U10"]
[Site "Toronto CAN"]
[Date "2013.08.14"]
[Round "1"]
[White "Hua, Eugene"]
[Black "Atchuthananthan, Arun"]
[Result "1-0"]
[WhiteElo "1775"]
[BlackElo "1032"]
[PlyCount "35"]
[GameId "2160767909258714"]
[EventDate "2013.08.14"]
[EventType "swiss"]
[EventRounds "9"]
[EventCountry "CAN"]
[SourceTitle "hb 2013"]

1. e4 d5 2. exd5 Qxd5 3. Nc3 Qd6 4. Nf3 Nf6 5. Bc4 c6 6. O-O e6 7. d4 g6 8. Bg5 Bg7 9. Qd2 O-O 10. Bh6 Bxh6 11. Qxh6 b6 12. Rad1 Ba6 13. Bxa6 Nxa6 14. a3 c5 15. Rfe1 Nd5 16. Ng5 Nf6 17. Nce4 Rad8 18. Nxf6+ 1-0

[Event "NAYCC U10"]
[Site "Toronto CAN"]
[Date "2013.08.14"]
[Round "1"]
[White "Huang, Qiuyu"]
[Black "Landa, Tamir"]
[Result "1-0"]
[WhiteElo "1512"]
[BlackElo "833"]
[PlyCount "125"]
[GameId "2160767909258715"]
[EventDate "2013.08.14"]
[EventType "swiss"]
[EventRounds "9"]
[EventCountry "CAN"]
[SourceTitle "hb 2013"]

1. e4 c5 2. Nf3 Nc6 3. Bb5 g6 4. O-O Bg7 5. c3 a6 6. Bxc6 bxc6 7. d4 cxd4 8. cxd4 d6 9. h3 Nf6 10. Nc3 O-O 11. Re1 Qb6 12. Rb1 Nd7 13. Be3 c5 14. Nd5 Qd8 15. Qc2 cxd4 16. Nxd4 Bb7 17. b4 Bxd5 18. exd5 Rc8 19. Qb3 Nf6 20. Nc6 Qd7 21. Bb6 Nxd5 22. Qxd5 Qxc6 23. Qxc6 Rxc6 24. Ba5 e6 25. a4 Rb8 26. Rbc1 Rxc1 27. Rxc1 Bh6 28. Rb1 d5 29. b5 d4 30. Kh2 Ra8 31. b6 Rb8 32. b7 d3 33. Bc7 Rxb7 34. Rxb7 d2 35. Rb1 f5 36. Rd1 Kf7 37. Ba5 e5 38. Bxd2 Bg7 39. Bc3 Ke6 40. f4 h6 41. fxe5 Bxe5+ 42. Bxe5 Kxe5 43. Re1+ Kf6 44. Rc1 Kg5 45. Rc6 a5 46. Rc5 Kf4 47. Rxa5 g5 48. Rb5 g4 49. Rb4+ Kg5 50. hxg4 fxg4 51. a5 g3+ 52. Kxg3 h5 53. a6 h4+ 54. Kh3 Kf5 55. a7 Ke5 56. a8=Q Kd6 57. Qa6+ Kc5 58. Qb5+ Kd6 59. Rd4+ Ke6 60. Qd5+ Kf6 61. Rf4+ Ke7 62. Rf7+ Ke8 63. Qd7# 1-0

[Event "NAYCC U10"]
[Site "Toronto CAN"]
[Date "2013.08.14"]
[Round "1"]
[White "Hung, Justin"]
[Black "Niemann, Hans Moke"]
[Result "0-1"]
[WhiteElo "1179"]
[BlackElo "1835"]
[PlyCount "64"]
[GameId "2160767909258716"]
[EventDate "2013.08.14"]
[EventType "swiss"]
[EventRounds "9"]
[EventCountry "CAN"]
[SourceTitle "EXT 2022"]
[Source "ChessBase"]
[SourceDate "2021.10.06"]
[SourceVersion "1"]
[SourceVersionDate "2021.10.06"]
[SourceQuality "1"]

1. e4 c5 2. Nf3 d6 3. d4 cxd4 4. Nxd4 Nf6 5. Nc3 a6 6. a4 Nc6 7. Nxc6 bxc6 8. b4 g6 9. Be3 Ng4 10. Qd2 Nxe3 11. Qxe3 d5 12. exd5 Bg7 13. Bc4 Rb8 14. dxc6 Rxb4 15. Rd1 Qa5 16. Qd3 Bf5 17. Qd4 Bxd4 18. Rxd4 Qc5 19. Rh4 Rxc4 20. Rxc4 Qxc4 21. Ne2 O-O 22. O-O Qxe2 23. c4 Bd3 24. Ra1 Rc8 25. c7 Rxc7 26. c5 Rxc5 27. h3 Rc2 28. Rf1 Qxf1+ 29. Kh2 Rxf2 30. Kg3 Rxg2+ 31. Kh4 Qf3 32. a5 g5# 0-1

[Event "NAYCC U10"]
[Site "Toronto CAN"]
[Date "2013.08.14"]
[Round "1"]
[White "Liu, Bowser"]
[Black "Low, Ethan"]
[Result "0-1"]
[WhiteElo "736"]
[BlackElo "1397"]
[PlyCount "64"]
[GameId "2160767909258718"]
[EventDate "2013.08.14"]
[EventType "swiss"]
[EventRounds "9"]
[EventCountry "CAN"]
[SourceTitle "hb 2013"]

1. e4 d6 2. Bb5+ c6 3. Bc4 Nf6 4. Nc3 b5 5. Bd3 Nbd7 6. Nf3 e5 7. a4 b4 8. Na2 a5 9. b3 Nc5 10. Qe2 Be7 11. Bc4 Ncxe4 12. d3 Nc5 13. O-O O-O 14. Bg5 d5 15. Nxe5 dxc4 16. Nxc4 Re8 17. Rfe1 Be6 18. Bxf6 Bxf6 19. Qh5 Bxa1 20. Rxa1 Qd5 21. Qxd5 Bxd5 22. h3 Bxc4 23. dxc4 Re2 24. Kf1 Rxc2 25. Nc1 Rb2 26. Ra2 Rb1 27. Ra1 Rxa1 28. Kg1 Rxc1+ 29. Kh2 Re8 30. Kg3 Nxb3 31. Kh4 Rxc4+ 32. Kg5 Re5# 0-1

[Event "NAYCC U10"]
[Site "Toronto CAN"]
[Date "2013.08.14"]
[Round "1"]
[White "Luo, Benett"]
[Black "Ju, Lawrence"]
[Result "0-1"]
[WhiteElo "749"]
[BlackElo "1420"]
[PlyCount "66"]
[GameId "2160767909258719"]
[EventDate "2013.08.14"]
[EventType "swiss"]
[EventRounds "9"]
[EventCountry "CAN"]
[SourceTitle "hb 2013"]

1. d4 Nf6 2. c4 g6 3. Nc3 Bg7 4. e4 d6 5. Be3 O-O 6. Nf3 Bg4 7. Be2 Nbd7 8. h3 Bxf3 9. Bxf3 a5 10. Qd2 e5 11. d5 Nc5 12. Bh6 Nfd7 13. O-O Nb6 14. b3 f5 15. Bxg7 Kxg7 16. Rfe1 fxe4 17. Nxe4 Nxe4 18. Bxe4 Nd7 19. Rac1 Nc5 20. Rc3 Rf4 21. Bf3 Rd4 22. Qc2 Qf6 23. Rd1 Rxd1+ 24. Qxd1 e4 25. Be2 Qxc3 26. Bg4 e3 27. fxe3 Qxe3+ 28. Kh2 Qe5+ 29. Kg1 Rf8 30. Qd2 Ne4 31. Qxa5 Qa1+ 32. Kh2 Rf1 33. Qxc7+ Kh6 0-1

[Event "NAYCC U10"]
[Site "Toronto CAN"]
[Date "2013.08.14"]
[Round "1"]
[White "Luo, Jia Yu"]
[Black "Talukdar, Rohan"]
[Result "0-1"]
[WhiteElo "951"]
[BlackElo "1651"]
[PlyCount "46"]
[GameId "2160767909258720"]
[EventDate "2013.08.14"]
[EventType "swiss"]
[EventRounds "9"]
[EventCountry "CAN"]
[SourceTitle "EXT 2022"]
[Source "ChessBase"]
[SourceDate "2021.10.06"]
[SourceVersion "1"]
[SourceVersionDate "2021.10.06"]
[SourceQuality "1"]

1. e4 e6 2. d4 d5 3. Nc3 Nf6 4. Bg5 Be7 5. Bd3 dxe4 6. Bxe4 Nxe4 7. Nxe4 Bxg5 8. Nxg5 Qxg5 9. g3 Qd5 10. Nf3 b6 11. O-O Bb7 12. Kg2 Nc6 13. c3 g5 14. Re1 g4 15. Re3 gxf3+ 16. Rxf3 Ne7 17. Qa4+ Bc6 18. c4 Qxf3+ 19. Kh3 Qg2+ 20. Kg4 f5+ 21. Kg5 h6+ 22. Kf6 Rf8+ 23. Ke5 Qe4# 0-1

[Event "NAYCC U10"]
[Site "Toronto CAN"]
[Date "2013.08.14"]
[Round "1"]
[White "Mirabelli, Aidan"]
[Black "Zhang, Jason S"]
[Result "0-1"]
[WhiteElo "913"]
[BlackElo "1605"]
[PlyCount "73"]
[GameId "2160767909258721"]
[EventDate "2013.08.14"]
[EventType "swiss"]
[EventRounds "9"]
[EventCountry "CAN"]
[SourceTitle "EXT 2022"]
[Source "ChessBase"]
[SourceDate "2021.10.06"]
[SourceVersion "1"]
[SourceVersionDate "2021.10.06"]
[SourceQuality "1"]

1. e4 c5 2. Nf3 e6 3. Nc3 a6 4. Bc4 b5 5. Be2 Qc7 6. d3 d6 7. O-O Nf6 8. Bg5 Be7 9. Qd2 Nbd7 10. d4 cxd4 11. Nxd4 b4 12. Na4 Nxe4 13. Qxb4 Nxg5 14. f4 d5 15. Qc3 Qxc3 16. Nxc3 Ne4 17. Nxe4 dxe4 18. Rae1 Bc5 19. c3 Bb7 20. Kh1 Bxd4 21. cxd4 Rc8 22. f5 exf5 23. Rxf5 O-O 24. Bg4 Rc2 25. Rh5 Nf6 26. Rh4 g5 27. Bd1 Rxb2 28. Rh6 Kg7 29. Rh3 Rd8 30. Rg3 h6 31. h4 Kg6 32. hxg5 hxg5 33. Bb3 Rxd4 34. Rf1 e3 35. Rc1 Nh5 36. Rxe3 Rh4+ 37. Kg1 0-1

[Event "NAYCC U10"]
[Site "Toronto CAN"]
[Date "2013.08.14"]
[Round "1"]
[White "Moreno Vasquez, Esteban"]
[Black "Ceastov, Denis"]
[Result "1-0"]
[WhiteElo "1717"]
[BlackElo "248"]
[PlyCount "91"]
[GameId "2160767909258722"]
[EventDate "2013.08.14"]
[EventType "swiss"]
[EventRounds "9"]
[EventCountry "CAN"]
[SourceTitle "hb 2013"]

1. c4 e5 2. Nc3 Bc5 3. Nf3 Nc6 4. g3 Nf6 5. Bg2 O-O 6. O-O Na5 7. d3 d6 8. a3 Nc6 9. b4 Bb6 10. Bd2 Ng4 11. h3 Nf6 12. Rb1 Nd4 13. Nxd4 exd4 14. Na4 Bd7 15. Nxb6 axb6 16. Bc1 Ba4 17. Qd2 b5 18. cxb5 Qd7 19. Bxb7 d5 20. Kg2 Ra7 21. Bc6 Qe6 22. Bb2 Qe5 23. Rbe1 g5 24. e3 g4 25. Bxd4 gxh3+ 26. Kh2 Ng4+ 27. Kxh3 Qh5+ 28. Kg2 Qh2+ 29. Kf3 Qh5 30. Ke2 Qg5 31. f3 Nh2 32. Rf2 Ng4 33. fxg4 Qxg4+ 34. Rf3 Qh3 35. Ref1 Qg2+ 36. R1f2 Qh3 37. Bxa7 Bb3 38. Qc3 d4 39. Bxd4 Be6 40. Bh8 f6 41. Bxf6 h6 42. Bh4 Rf7 43. Rxf7 Qg4+ 44. R7f3 Bd5 45. Bxd5+ Kh7 46. Qxc7+ 1-0

[Event "NAYCC U10"]
[Site "Toronto CAN"]
[Date "2013.08.14"]
[Round "1"]
[White "Pan, David"]
[Black "Ekzhanov, Sergey"]
[Result "1-0"]
[WhiteElo "1663"]
[BlackElo "964"]
[PlyCount "97"]
[GameId "2160767909258723"]
[EventDate "2013.08.14"]
[EventType "swiss"]
[EventRounds "9"]
[EventCountry "CAN"]
[SourceTitle "hb 2013"]

1. e4 e5 2. Nf3 Nc6 3. Bc4 Bc5 4. c3 d6 5. d4 exd4 6. cxd4 Bb4+ 7. Bd2 Bxd2+ 8. Nbxd2 Bg4 9. Qb3 Bxf3 10. Nxf3 Nf6 11. Qxb7 Na5 12. Bb5+ Kf8 13. Qa6 c5 14. dxc5 Nxe4 15. b4 g6 16. Qxa5 Qxa5 17. bxa5 dxc5 18. Bc6 Nxf2 19. Bxa8 Nxh1 20. Ke2 Kg7 21. Be4 Re8 22. Nd2 c4 23. Kf3 c3 24. Nb3 f5 25. Bc2 g5 26. Rxh1 f4 27. h4 Re3+ 28. Kf2 g4 29. Re1 g3+ 30. Kf1 Rxe1+ 31. Kxe1 h5 32. Ke2 Kf6 33. Kf3 Ke5 34. Be4 a6 35. Bb7 Kd6 36. Kxf4 Kc7 37. Bxa6 Kc6 38. Bc4 Kb7 39. a6+ Ka7 40. Ke5 Kb6 41. Kd6 Ka7 42. Kc7 c2 43. a3 Ka8 44. Kb6 Kb8 45. Bd3 c1=Q 46. Nxc1 Kc8 47. Bf5+ Kb8 48. a7+ Ka8 49. Be4# 1-0

[Event "NAYCC U10"]
[Site "Toronto CAN"]
[Date "2013.08.14"]
[Round "1"]
[White "Ruan, Colin"]
[Black "Noritsyn, Sergey"]
[Result "0-1"]
[WhiteElo "1186"]
[BlackElo "2006"]
[PlyCount "60"]
[GameId "2160767909258725"]
[EventDate "2013.08.14"]
[EventType "swiss"]
[EventRounds "9"]
[EventCountry "CAN"]
[SourceTitle "hb 2013"]

1. e4 d5 2. exd5 Nf6 3. d4 Nxd5 4. Nf3 g6 5. c4 Nb6 6. Nc3 Bg7 7. Be2 O-O 8. O-O Nc6 9. Be3 Bg4 10. d5 Bxf3 11. Bxf3 Ne5 12. c5 Nbc4 13. Qb3 Qd7 14. Be2 Nxe3 15. fxe3 Rab8 16. e4 Bh6 17. Kh1 c6 18. Rad1 b6 19. Na4 bxc5 20. Qg3 Qc7 21. dxc6 Qxc6 22. Qxe5 Qxa4 23. Qxc5 Rxb2 24. Bc4 Qc2 25. Rg1 Qxe4 26. Rde1 Qh4 27. Re2 Rxe2 28. Bxe2 Bf4 29. g3 Bd6 30. Qxd6 Qe4+ 0-1

[Event "NAYCC U10"]
[Site "Toronto CAN"]
[Date "2013.08.14"]
[Round "1"]
[White "Surya, Benito"]
[Black "Brumund, Matthias"]
[Result "1-0"]
[WhiteElo "1619"]
[BlackElo "916"]
[PlyCount "73"]
[GameId "2160767909258726"]
[EventDate "2013.08.14"]
[EventType "swiss"]
[EventRounds "9"]
[EventCountry "CAN"]
[SourceTitle "hb 2013"]

1. e4 e5 2. Nf3 Nc6 3. Bc4 Nf6 4. d3 d5 5. exd5 Nxd5 6. Bxd5 Qxd5 7. Nc3 Qd7 8. Qe2 Bd6 9. Be3 Qe7 10. h3 h6 11. O-O O-O 12. Nh2 Bb4 13. Nd5 Qd7 14. Nxb4 Nxb4 15. Bc5 Nxc2 16. Qxc2 Qc6 17. Rac1 Rd8 18. Ba3 Qxc2 19. Rxc2 Bf5 20. Rxc7 Bxd3 21. Rfc1 b5 22. Re7 e4 23. Rcc7 Rd4 24. Rxf7 b4 25. Rxg7+ Kf8 26. Rcf7+ Ke8 27. Re7+ Kd8 28. Rb7 Bc4 29. Bxb4 Rd1+ 30. Nf1 Rxf1+ 31. Kh2 a5 32. Bc5 Bxa2 33. Rbd7+ Ke8 34. Rge7+ Kf8 35. Rxe4+ Kg8 36. Rg4+ Kh8 37. Bd4# 1-0

[Event "NAYCC U10"]
[Site "Toronto CAN"]
[Date "2013.08.14"]
[Round "1"]
[White "Wang, Frank2"]
[Black "Xiong, Dylan"]
[Result "1-0"]
[WhiteElo "1374"]
[BlackElo "727"]
[PlyCount "121"]
[GameId "2160767909258727"]
[EventDate "2013.08.14"]
[EventType "swiss"]
[EventRounds "9"]
[EventCountry "CAN"]
[SourceTitle "hb 2013"]

1. e4 e5 2. Nf3 Nc6 3. Bc4 Bc5 4. Nc3 d6 5. h3 Be6 6. Bb3 Qd7 7. d3 Nf6 8. Be3 O-O-O 9. Ba4 Rhe8 10. Bxc5 dxc5 11. Nxe5 Qd6 12. Bxc6 bxc6 13. f4 Nd7 14. Nxd7 Bxd7 15. Qf3 f5 16. O-O-O fxe4 17. dxe4 Qf6 18. e5 Qf5 19. g4 Qf7 20. Nb5 Kb7 21. Kb1 a6 22. Nc3 Rxe5 23. Qg3 Re7 24. f5 g6 25. Qf2 Ree8 26. Qxc5 gxf5 27. Rhf1 f4 28. Qb4+ Kc8 29. Rxf4 Qe6 30. Qc4 Qxc4 31. Rxc4 Be6 32. Rxd8+ Rxd8 33. Rxc6 Kd7 34. Rxa6 Bc4 35. Rh6 Bg8 36. b3 Rf8 37. Ne4 Rf4 38. Nf6+ Ke7 39. Nxg8+ Kf7 40. Rxh7+ Kxg8 41. Rxc7 Rf1+ 42. Kb2 Rh1 43. Rc3 Kf7 44. a4 Ke6 45. a5 Re1 46. a6 Rd1 47. b4 Rd6 48. b5 Rb6 49. Rc6+ Rxc6 50. bxc6 Kd6 51. a7 Kxc6 52. a8=Q+ Kd6 53. Qa5 Ke6 54. Qf5+ Kd6 55. g5 Ke7 56. g6 Kd6 57. g7 Ke7 58. g8=Q Kd6 59. Qgf7 Kc6 60. Q7d7+ Kb6 61. Qfb5# 1-0

[Event "NAYCC U10"]
[Site "Toronto CAN"]
[Date "2013.08.14"]
[Round "1"]
[White "Wong, Anthony G"]
[Black "He, Oliver"]
[Result "1-0"]
[WhiteElo "1482"]
[BlackElo "799"]
[PlyCount "55"]
[GameId "2160767909258728"]
[EventDate "2013.08.14"]
[EventType "swiss"]
[EventRounds "9"]
[EventCountry "CAN"]
[SourceTitle "EXT 2022"]
[Source "ChessBase"]
[SourceDate "2021.10.06"]
[SourceVersion "1"]
[SourceVersionDate "2021.10.06"]
[SourceQuality "1"]

1. c4 e5 2. Nc3 Nc6 3. g3 Nf6 4. Bg2 Bc5 5. Nf3 d6 6. O-O Bg4 7. d3 O-O 8. h3 Bh5 9. a3 h6 10. b4 Bd4 11. Nxd4 exd4 12. Ne4 Re8 13. Nxf6+ Qxf6 14. Re1 Qe7 15. Ra2 a6 16. b5 axb5 17. cxb5 Nd8 18. Qb3 Rb8 19. Bf4 c6 20. Qb4 c5 21. Qa4 Ne6 22. Bc1 Ra8 23. Qb3 f6 24. Qd5 Rab8 25. Bf4 Red8 26. Qxh5 Nxf4 27. gxf4 Qe6 28. Bd5 1-0

[Event "NAYCC U10"]
[Site "Toronto CAN"]
[Date "2013.08.14"]
[Round "1"]
[White "Yelamarti, Shanmukh"]
[Black "Rajsic, William"]
[Result "1/2-1/2"]
[WhiteElo "393"]
[BlackElo "1209"]
[PlyCount "106"]
[GameId "2160767909258729"]
[EventDate "2013.08.14"]
[EventType "swiss"]
[EventRounds "9"]
[EventCountry "CAN"]
[SourceTitle "hb 2013"]

1. e4 e5 2. Nf3 d6 3. Bc4 Be7 4. d3 Bg4 5. Nc3 Nf6 6. O-O O-O 7. Bg5 h6 8. Bxf6 Bxf6 9. h3 Bh5 10. Nd5 Bg5 11. Ne3 Bxe3 12. fxe3 Nc6 13. d4 exd4 14. exd4 Qf6 15. Qd3 Bxf3 16. Rxf3 Qxd4+ 17. Qxd4 Nxd4 18. Rc3 Rfe8 19. Re1 Re7 20. Rf1 b5 21. Bd3 c5 22. b3 Rc8 23. a4 c4 24. bxc4 b4 25. Rb3 Nxb3 26. cxb3 Rce8 27. a5 Re5 28. a6 Ra5 29. c5 Rxc5 30. Bc4 Re7 31. g4 Ra5 32. Rf4 Ra1+ 33. Kf2 g6 34. Rf6 Kg7 35. Rxd6 Rxe4 36. Kf3 Rae1 37. Rd3 Re7 38. h4 Rf1+ 39. Kg2 Rf4 40. Kg3 Ree4 41. g5 Rg4+ 42. Kf3 Rxh4 43. Bb5 Re5 44. Bc4 Rxg5 45. Rd7 Rf5+ 46. Kg2 h5 47. Rxa7 Re4 48. Rd7 h4 49. a7 h3+ 50. Kh2 Rf2+ 51. Kg1 Rg2+ 52. Kf1 Re8 53. Rxf7+ Kh6 1/2-1/2